000 00542nam a2200169Ia 4500
003 GCL
008 140319s9999 xx 000 0 ara d
040 _aGCL /
_cGCL
082 0 4 _a219.3
_bع ش
100 1 _aعبدالحميد اسماعيل الانصارى
245 1 0 _aالشورى بين التأثير والتأثر /
_cعبدالحميد اسماعيل الانصارى
490 _a
650 0 4 _aالشريعة الاسلامية
650 0 4 _aالشورى
650 0 4 _aالاسلام - نظام الحكم
942 _2ddc
_cBK
999 _c46055
_d46055